| 000 | 00731nam a2200205Ia 4500 | ||
|---|---|---|---|
| 001 | 1330 | ||
| 003 | GE_BSU | ||
| 008 | 181216s||||||||xx |||||||||||||| ||und|| | ||
| 040 | _cGE_BSU | ||
| 080 | _a572+502:91 | ||
| 245 | _aЧеловек и природа в географической науке. | ||
| 245 | _bПосвящается 60-летию установления Советской власти в Грузии и создания Коммунистич. партии Грузии | ||
| 260 | _aТбилиси | ||
| 260 | _bмецниереба | ||
| 260 | _c1981 | ||
| 300 | _a193стр. | ||
| 541 | _h5л. | ||
| 653 | _aЧеловек и природа в географической науке | ||
| 942 | _cBK | ||
| 999 |
_c35471 _d35471 |
||